[Event "DEM U12 2021"]
[Site "Willingen GER"]
[Date "2021.08.24"]
[Round "3"]
[White "Besou, Hussain"]
[Black "Aniol, Nico"]
[Result "1-0"]
[Termination "normal"]
[Board "5"]
[WhiteElo "1856"]
[BlackElo "1448"]
[WhiteClock "01:00:12"]
[BlackClock "00:33:48"]
[PlyCount "141"]
[WhiteFideId "16269950"]
[BlackFideId "16287096"]
[EventCountry "GER"]
[EventRounds "9"]
[EventType "swiss"]
[EventDate "2021.08.22"]

1. e4 {[%clk 01:30:57]} {[%emt 00:00:02]} c5 {[%clk 01:30:03]} {[%emt
00:00:58]} 2. Nf3 {[%clk 01:31:20]} {[%emt 00:00:07]} Nc6 {[%clk 01:29:43]}
{[%emt 00:00:50]} 3. d4 {[%clk 01:31:41]} {[%emt 00:00:09]} cxd4 {[%clk
01:29:00]} {[%emt 00:01:14]} 4. Nxd4 {[%clk 01:31:56]} {[%emt 00:00:15]} e5
{[%clk 01:28:08]} {[%emt 00:01:22]} 5. Nb5 {[%clk 01:32:18]} {[%emt 00:00:08]}
d6 {[%clk 01:26:42]} {[%emt 00:01:57]} 6. N1c3 {[%clk 01:31:35]} {[%emt
00:01:12]} a6 {[%clk 01:24:23]} {[%emt 00:02:49]} 7. Na3 {[%clk 01:31:58]}
{[%emt 00:00:07]} b5 {[%clk 01:22:03]} {[%emt 00:02:50]} 8. Nd5 {[%clk
01:30:03]} {[%emt 00:02:25]} Nce7 {[%clk 01:19:58]} {[%emt 00:02:35]} 9. c4
{[%clk 01:18:05]} {[%emt 00:12:28]} Nxd5 {[%clk 01:16:37]} {[%emt 00:03:50]}
10. Qxd5 {[%clk 01:18:03]} {[%emt 00:00:32]} Be6 {[%clk 01:15:20]} {[%emt
00:01:48]} 11. Qd3 {[%emt 00:02:54]} bxc4 {[%clk 01:13:03]} 12. Nxc4 {[%clk
01:18:45]} {[%emt 00:00:11]} Rc8 {[%clk 01:11:36]} {[%emt 00:01:57]} 13. Ne3
{[%clk 01:19:06]} {[%emt 00:00:08]} Nf6 {[%clk 01:10:54]} {[%emt 00:01:13]} 14.
Qxa6 {[%clk 01:18:53]} {[%emt 00:00:43]} Be7 {[%clk 01:10:00]} {[%emt
00:01:24]} 15. Bb5+ {[%clk 01:08:07]} {[%emt 00:11:16]} Bd7 {[%clk 01:08:12]}
{[%emt 00:02:18]} 16. f3 {[%clk 01:08:10]} {[%emt 00:00:26]} O-O {[%clk
01:07:41]} {[%emt 00:01:01]} 17. Bxd7 {[%clk 01:07:47]} {[%emt 00:00:54]} Nxd7
{[%clk 01:06:05]} {[%emt 00:02:07]} 18. O-O {[%clk 01:07:25]} {[%emt 00:00:51]}
Nc5 {[%clk 01:05:17]} {[%emt 00:01:18]} 19. Qe2 {[%clk 01:07:37]} {[%emt
00:00:18]} Ne6 {[%clk 01:02:34]} {[%emt 00:03:13]} 20. Nd5 {[%clk 01:05:42]}
{[%emt 00:02:24]} Bg5 {[%clk 00:59:39]} {[%emt 00:03:25]} 21. Be3 {[%clk
01:05:00]} {[%emt 00:01:12]} Kh8 {[%clk 00:53:47]} {[%emt 00:06:23]} 22. b4
{[%clk 01:02:21]} {[%emt 00:03:09]} Bxe3+ {[%clk 00:51:10]} {[%emt 00:03:07]}
23. Qxe3 {[%clk 01:02:34]} {[%emt 00:00:17]} Qd7 {[%clk 00:46:53]} {[%emt
00:04:47]} 24. a4 {[%clk 01:02:04]} {[%emt 00:00:59]} Qb7 {[%clk 00:46:37]}
{[%emt 00:00:46]} 25. Qb6 {[%clk 00:53:26]} {[%emt 00:09:08]} Qxb6+ {[%clk
00:44:30]} {[%emt 00:02:36]} 26. Nxb6 {[%clk 00:53:36]} {[%emt 00:00:20]} Rc2
{[%clk 00:42:30]} {[%emt 00:02:30]} 27. a5 {[%clk 00:53:50]} {[%emt 00:00:16]}
Rb8 {[%clk 00:41:27]} {[%emt 00:01:33]} 28. a6 {[%clk 00:53:14]} {[%emt
00:01:06]} Nc7 {[%clk 00:37:51]} {[%emt 00:04:05]} 29. a7 {[%clk 00:53:26]}
{[%emt 00:00:18]} Rg8 {[%clk 00:37:55]} {[%emt 00:00:26]} 30. a8=Q {[%clk
00:53:50]} {[%emt 00:00:07]} Nxa8 {[%clk 00:38:17]} {[%emt 00:00:08]} 31. Nxa8
{[%clk 00:53:55]} {[%emt 00:00:25]} Rb2 {[%clk 00:38:12]} {[%emt 00:00:34]} 32.
Nc7 {[%clk 00:54:08]} {[%emt 00:00:17]} Rxb4 {[%clk 00:38:01]} {[%emt
00:00:42]} 33. Nd5 {[%clk 00:54:20]} {[%emt 00:00:19]} Rb2 {[%clk 00:37:30]}
{[%emt 00:01:00]} 34. Rfb1 {[%clk 00:54:22]} {[%emt 00:00:28]} Rd2 {[%clk
00:36:50]} {[%emt 00:01:09]} 35. Ra7 {[%clk 00:54:27]} {[%emt 00:00:25]} h6
{[%clk 00:36:07]} {[%emt 00:01:13]} 36. Rba1 {[%clk 00:53:32]} {[%emt
00:01:25]} Rc8 {[%clk 00:35:22]} {[%emt 00:01:14]} 37. Ra8 {[%clk 00:53:55]}
{[%emt 00:00:08]} Rd1+ {[%clk 00:35:02]} {[%emt 00:00:50]} 38. Rxd1 {[%clk
00:54:16]} {[%emt 00:00:09]} Rxa8 {[%clk 00:35:25]} {[%emt 00:00:07]} 39. Kf2
{[%clk 00:54:29]} {[%emt 00:00:17]} Kh7 {[%clk 00:35:17]} {[%emt 00:00:38]} 40.
Nb6 {[%clk 00:54:44]} {[%emt 00:00:16]} Ra2+ {[%clk 00:35:34]} {[%emt
00:00:13]} 41. Kg3 {[%clk 00:55:03]} {[%emt 00:00:10]} Rb2 {[%clk 00:35:25]}
{[%emt 00:00:39]} 42. Rxd6 {[%clk 00:55:20]} {[%emt 00:00:13]} f6 {[%clk
00:34:48]} {[%emt 00:01:07]} 43. Nc4 {[%clk 00:55:06]} {[%emt 00:00:45]} Ra2
{[%clk 00:33:57]} {[%emt 00:01:20]} 44. Ne3 {[%clk 00:55:25]} {[%emt 00:00:10]}
Kg6 {[%clk 00:34:04]} {[%emt 00:00:24]} 45. Nf5 {[%clk 00:55:39]} {[%emt
00:00:16]} Ra7 {[%clk 00:34:20]} {[%emt 00:00:14]} 46. Rb6 {[%clk 00:54:07]}
{[%emt 00:02:02]} Rc7 {[%clk 00:33:19]} {[%emt 00:01:31]} 47. Ne3 {[%clk
00:54:00]} {[%emt 00:00:37]} Ra7 {[%clk 00:30:26]} {[%emt 00:03:23]} 48. Nd5
{[%clk 00:54:24]} {[%emt 00:00:06]} Kg5 {[%clk 00:29:21]} {[%emt 00:01:34]} 49.
Re6 {[%clk 00:54:32]} {[%emt 00:00:22]} Ra2 {[%clk 00:28:18]} {[%emt 00:01:34]}
50. Re7 {[%clk 00:54:52]} {[%emt 00:00:09]} Kg6 {[%clk 00:28:03]} {[%emt
00:00:45]} 51. Ne3 {[%clk 00:55:16]} {[%emt 00:00:05]} Ra8 {[%clk 00:28:21]}
{[%emt 00:00:13]} 52. Nf5 {[%clk 00:55:41]} {[%emt 00:00:05]} Rg8 {[%clk
00:28:31]} {[%emt 00:00:20]} 53. Rxe5 {[%clk 00:55:25]} {[%emt 00:00:46]} fxe5
{[%clk 00:28:39]} {[%emt 00:00:22]} 54. Ne7+ {[%clk 00:55:51]} {[%emt
00:00:04]} Kf7 {[%clk 00:29:00]} {[%emt 00:00:09]} 55. Nxg8 {[%clk 00:56:15]}
{[%emt 00:00:05]} Kxg8 {[%clk 00:29:23]} {[%emt 00:00:07]} 56. f4 {[%clk
00:56:34]} {[%emt 00:00:11]} exf4+ {[%clk 00:29:47]} {[%emt 00:00:07]} 57. Kxf4
{[%clk 00:56:58]} {[%emt 00:00:05]} Kf7 {[%clk 00:30:02]} {[%emt 00:00:15]} 58.
Ke5 {[%clk 00:57:24]} {[%emt 00:00:05]} Ke7 {[%clk 00:30:25]} {[%emt 00:00:08]}
59. g4 {[%clk 00:57:45]} {[%emt 00:00:09]} g6 {[%clk 00:30:38]} {[%emt
00:00:17]} 60. h4 {[%clk 00:58:03]} {[%emt 00:00:12]} h5 {[%clk 00:30:56]}
{[%emt 00:00:12]} 61. g5 {[%clk 00:57:35]} {[%emt 00:00:58]} Kf7 {[%clk
00:30:56]} {[%emt 00:00:30]} 62. Kd6 {[%clk 00:58:00]} {[%emt 00:00:05]} Kg7
{[%clk 00:31:12]} {[%emt 00:00:14]} 63. e5 {[%clk 00:58:24]} {[%emt 00:00:06]}
Kf8 {[%clk 00:31:35]} {[%emt 00:00:08]} 64. Kd7 {[%clk 00:58:48]} {[%emt
00:00:06]} Kg7 {[%clk 00:31:57]} {[%emt 00:00:07]} 65. e6 {[%clk 00:59:09]}
{[%emt 00:00:09]} Kh8 {[%clk 00:32:04]} {[%emt 00:00:23]} 66. e7 {[%clk
00:59:34]} {[%emt 00:00:05]} Kh7 {[%clk 00:32:28]} {[%emt 00:00:07]} 67. e8=Q
{[%clk 00:59:58]} {[%emt 00:00:06]} Kg7 {[%clk 00:32:45]} {[%emt 00:00:13]} 68.
Ke6 {[%clk 01:00:15]} {[%emt 00:00:13]} Kh7 {[%clk 00:33:04]} {[%emt 00:00:11]}
69. Qf7+ {[%clk 00:59:19]} {[%emt 00:01:26]} Kh8 {[%clk 00:33:26]} {[%emt
00:00:08]} 70. Qf8+ {[%clk 00:59:46]} {[%emt 00:00:04]} Kh7 {[%clk 00:33:48]}
{[%emt 00:00:08]} 71. Qh6+ {[%clk 01:00:12]} {[%emt 00:00:03]} 1-0

[Event "DEM U12 2021"]
[Site "Willingen GER"]
[Date "2021.08.24"]
[Round "3"]
[White "Shkundin, Maximilian"]
[Black "Haubold, Sebastian Marcel"]
[Result "0-1"]
[Termination "normal"]
[Board "6"]
[WhiteElo "1263"]
[BlackElo "1813"]
[WhiteClock "00:32:07"]
[BlackClock "00:18:01"]
[PlyCount "126"]
[WhiteFideId "16287258"]
[BlackFideId "16259637"]
[EventCountry "GER"]
[EventRounds "9"]
[EventType "swiss"]
[EventDate "2021.08.22"]

1. e4 {[%clk 01:30:59]} e5 {[%clk 01:30:51]} {[%emt 00:00:10]} 2. Nf3 {[%clk
01:31:25]} {[%emt 00:00:04]} Nc6 {[%clk 01:31:15]} {[%emt 00:00:06]} 3. d4
{[%clk 01:31:51]} {[%emt 00:00:04]} exd4 {[%clk 01:31:40]} {[%emt 00:00:05]} 4.
Bc4 {[%clk 01:32:17]} {[%emt 00:00:04]} Nf6 {[%clk 01:32:05]} {[%emt 00:00:05]}
5. e5 {[%clk 01:32:38]} {[%emt 00:00:08]} d5 {[%clk 01:32:30]} {[%emt
00:00:05]} 6. Bb5 {[%clk 01:33:03]} {[%emt 00:00:05]} Nd7 {[%clk 01:32:53]}
{[%emt 00:00:06]} 7. O-O {[%clk 01:32:09]} {[%emt 00:01:25]} Be7 {[%clk
01:32:54]} {[%emt 00:00:28]} 8. Bxc6 {[%clk 01:32:00]} {[%emt 00:00:39]} bxc6
{[%clk 01:33:16]} {[%emt 00:00:08]} 9. Nxd4 {[%clk 01:32:20]} {[%emt 00:00:10]}
Nb8 {[%clk 01:33:20]} {[%emt 00:00:25]} 10. Nc3 {[%clk 01:30:35]} {[%emt
00:02:15]} O-O {[%clk 01:31:23]} {[%emt 00:02:28]} 11. f4 {[%clk 01:26:49]}
{[%emt 00:04:16]} c5 {[%clk 01:28:53]} {[%emt 00:03:00]} 12. Nde2 {[%clk
01:23:25]} {[%emt 00:03:53]} Bb7 {[%clk 01:23:10]} {[%emt 00:06:13]} 13. f5
{[%clk 01:17:42]} {[%emt 00:06:14]} d4 {[%clk 01:23:07]} {[%emt 00:00:33]} 14.
f6 {[%clk 01:14:34]} {[%emt 00:03:38]} dxc3 {[%clk 01:18:55]} {[%emt 00:04:42]}
15. fxe7 {[%clk 01:14:36]} {[%emt 00:00:29]} Qxe7 {[%clk 01:17:45]} {[%emt
00:01:39]} 16. Nxc3 {[%clk 01:14:26]} {[%emt 00:00:41]} Qxe5 {[%clk 01:13:13]}
{[%emt 00:05:02]} 17. Bf4 {[%clk 01:14:28]} {[%emt 00:00:27]} Qe6 {[%clk
01:13:23]} {[%emt 00:00:22]} 18. Qh5 {[%clk 01:08:15]} {[%emt 00:06:43]} Nd7
{[%clk 01:07:57]} {[%emt 00:05:55]} 19. Rae1 {[%clk 01:06:41]} {[%emt
00:02:03]} Qc6 {[%clk 01:06:12]} {[%emt 00:02:16]} 20. Qg4 {[%clk 01:06:44]}
{[%emt 00:00:27]} Nf6 {[%clk 01:05:35]} {[%emt 00:01:08]} 21. Qg3 {[%clk
01:06:43]} {[%emt 00:00:30]} Nh5 {[%clk 01:03:31]} {[%emt 00:02:34]} 22. Qh3
{[%clk 01:03:53]} {[%emt 00:03:19]} Nxf4 {[%clk 01:00:35]} {[%emt 00:03:27]}
23. Rxf4 {[%clk 01:04:11]} {[%emt 00:00:12]} Rae8 {[%clk 00:57:34]} {[%emt
00:03:31]} 24. Ref1 {[%clk 00:54:57]} {[%emt 00:09:43]} Re7 {[%clk 00:45:52]}
{[%emt 00:12:12]} 25. Qg3 {[%clk 00:49:26]} {[%emt 00:06:01]} Rd8 {[%clk
00:39:04]} {[%emt 00:07:18]} 26. Rg4 {[%clk 00:46:07]} {[%emt 00:03:50]} g6
{[%clk 00:37:35]} {[%emt 00:02:00]} 27. Qh4 {[%clk 00:44:53]} {[%emt 00:01:42]}
Rd2 {[%clk 00:36:51]} {[%emt 00:01:14]} 28. Qg3 {[%clk 00:35:24]} {[%emt
00:09:58]} Rxc2 {[%clk 00:32:52]} {[%emt 00:04:32]} 29. Rd1 {[%clk 00:31:59]}
{[%emt 00:03:51]} Qe6 {[%clk 00:24:08]} {[%emt 00:09:16]} 30. Qh4 {[%clk
00:26:38]} {[%emt 00:05:52]} Qe3+ {[%clk 00:20:15]} {[%emt 00:04:22]} 31. Kh1
{[%clk 00:24:18]} {[%emt 00:02:49]} Bf3 {[%clk 00:18:20]} {[%emt 00:02:27]} 32.
gxf3 {[%clk 00:22:34]} {[%emt 00:02:14]} Qxf3+ {[%clk 00:17:18]} {[%emt
00:01:32]} 33. Kg1 {[%clk 00:22:59]} {[%emt 00:00:05]} Qe3+ {[%clk 00:17:02]}
{[%emt 00:00:46]} 34. Kh1 {[%clk 00:21:27]} {[%emt 00:02:02]} Rc1 {[%clk
00:13:48]} {[%emt 00:03:46]} 35. Rxc1 {[%clk 00:20:38]} {[%emt 00:01:19]} Qxc1+
{[%clk 00:14:12]} {[%emt 00:00:05]} 36. Rg1 {[%clk 00:20:31]} {[%emt 00:00:37]}
Qe3 {[%clk 00:14:38]} {[%emt 00:00:04]} 37. Qg3 {[%clk 00:19:07]} {[%emt
00:01:54]} Qe6 {[%clk 00:12:31]} {[%emt 00:02:36]} 38. Rd1 {[%clk 00:17:25]}
{[%emt 00:02:12]} Kg7 {[%clk 00:11:01]} {[%emt 00:02:00]} 39. Qg2 {[%clk
00:15:00]} {[%emt 00:02:54]} c6 {[%clk 00:08:48]} {[%emt 00:02:44]} 40. Qd2
{[%clk 00:12:38]} {[%emt 00:02:50]} Qg4 {[%clk 00:07:29]} {[%emt 00:01:52]} 41.
Qf2 {[%clk 00:10:04]} {[%emt 00:03:04]} Re5 {[%clk 00:05:02]} {[%emt 00:02:57]}
42. Qg2 {[%clk 00:08:15]} {[%emt 00:02:18]} Qxd1+ {[%clk 00:02:42]} {[%emt
00:02:50]} 43. Nxd1 {[%clk 00:08:16]} {[%emt 00:00:29]} Re1+ {[%clk 00:03:11]}
{[%emt 00:00:01]} 44. Qg1 {[%clk 00:08:34]} {[%emt 00:00:12]} Rxg1+ {[%clk
00:03:38]} {[%emt 00:00:03]} 45. Kxg1 {[%clk 00:08:47]} {[%emt 00:00:17]} Kf6
{[%clk 00:03:51]} {[%emt 00:00:16]} 46. Kf2 {[%clk 00:09:10]} {[%emt 00:00:08]}
Ke5 {[%clk 00:04:14]} {[%emt 00:00:07]} 47. Ke3 {[%clk 00:09:19]} {[%emt
00:00:21]} f5 {[%clk 00:02:30]} {[%emt 00:02:13]} 48. Nc3 {[%clk 00:08:24]}
{[%emt 00:01:25]} g5 {[%clk 00:28:47]} {[%emt 00:04:13]} 49. Ne2 {[%clk
00:38:14]} {[%emt 00:00:39]} f4+ {[%clk 00:27:58]} {[%emt 00:01:19]} 50. Kf3
{[%clk 00:38:15]} {[%emt 00:00:28]} h5 {[%clk 00:27:06]} {[%emt 00:01:23]} 51.
h3 {[%clk 00:38:24]} {[%emt 00:00:21]} Kf5 {[%clk 00:27:02]} {[%emt 00:00:35]}
52. Nc3 {[%clk 00:37:14]} {[%emt 00:01:40]} g4+ {[%clk 00:27:20]} {[%emt
00:00:11]} 53. hxg4+ {[%clk 00:36:50]} {[%emt 00:00:54]} hxg4+ {[%clk
00:27:44]} {[%emt 00:00:06]} 54. Kf2 {[%clk 00:37:16]} {[%emt 00:00:04]} Kg5
{[%clk 00:24:20]} {[%emt 00:03:54]} 55. Ne4+ {[%clk 00:36:59]} {[%emt
00:00:47]} Kh4 {[%clk 00:24:39]} {[%emt 00:00:11]} 56. Nxc5 {[%clk 00:36:33]}
{[%emt 00:00:56]} g3+ {[%clk 00:24:20]} {[%emt 00:00:50]} 57. Kg2 {[%clk
00:35:15]} {[%emt 00:01:47]} Kg4 {[%clk 00:24:39]} {[%emt 00:00:12]} 58. Nd3
{[%clk 00:35:25]} {[%emt 00:00:21]} f3+ {[%clk 00:24:56]} {[%emt 00:00:13]} 59.
Kg1 {[%clk 00:35:23]} {[%emt 00:00:31]} Kf5 {[%clk 00:22:46]} {[%emt 00:02:41]}
60. Kf1 {[%clk 00:33:38]} {[%emt 00:02:14]} Ke4 {[%clk 00:23:05]} {[%emt
00:00:11]} 61. Nb4 {[%clk 00:31:48]} {[%emt 00:02:20]} c5 {[%clk 00:20:14]}
{[%emt 00:03:21]} 62. Nc6 {[%clk 00:32:12]} {[%emt 00:00:07]} Ke3 {[%clk
00:19:46]} {[%emt 00:00:58]} 63. Ne5 {[%clk 00:32:07]} {[%emt 00:00:32]} g2+
{[%clk 00:18:01]} {[%emt 00:02:18]} 0-1

[Event "DEM U12 2021"]
[Site "Willingen GER"]
[Date "2021.08.24"]
[Round "3"]
[White "Theviot, Luca"]
[Black "Sauer, Tim"]
[Result "0-1"]
[Termination "normal"]
[Board "7"]
[WhiteElo "1417"]
[BlackElo "1810"]
[WhiteClock "01:20:40"]
[BlackClock "00:00:35"]
[PlyCount "96"]
[WhiteFideId "16277449"]
[BlackFideId "16265726"]
[EventCountry "GER"]
[EventRounds "9"]
[EventType "swiss"]
[EventDate "2021.08.22"]

1. d4 {[%clk 01:30:58]} {[%emt 00:00:02]} Nf6 {[%clk 01:30:56]} {[%emt
00:00:03]} 2. Nf3 {[%clk 01:31:21]} {[%emt 00:00:08]} g6 {[%clk 01:31:21]}
{[%emt 00:00:05]} 3. Nbd2 {[%clk 01:31:45]} {[%emt 00:00:06]} Bg7 {[%clk
01:31:40]} {[%emt 00:00:10]} 4. e4 {[%clk 01:32:10]} {[%emt 00:00:05]} d6
{[%clk 01:32:06]} {[%emt 00:00:04]} 5. Bc4 {[%clk 01:32:29]} {[%emt 00:00:12]}
O-O {[%clk 01:32:28]} {[%emt 00:00:07]} 6. O-O {[%clk 01:32:55]} {[%emt
00:00:05]} Nc6 {[%clk 01:32:41]} {[%emt 00:00:17]} 7. c3 {[%clk 01:33:16]}
{[%emt 00:00:09]} e5 {[%clk 01:33:06]} {[%emt 00:00:04]} 8. dxe5 {[%clk
01:33:42]} {[%emt 00:00:05]} Nxe5 {[%clk 01:33:28]} {[%emt 00:00:07]} 9. Nxe5
{[%clk 01:34:07]} {[%emt 00:00:05]} dxe5 {[%clk 01:33:54]} {[%emt 00:00:05]}
10. Qe2 {[%clk 01:34:30]} {[%emt 00:00:06]} Qe7 {[%clk 01:34:04]} {[%emt
00:00:20]} 11. a4 {[%clk 01:33:57]} {[%emt 00:01:03]} a5 {[%clk 01:33:54]}
{[%emt 00:00:41]} 12. b3 {[%clk 01:34:23]} {[%emt 00:00:04]} Rd8 {[%clk
01:32:52]} {[%emt 00:01:31]} 13. Ba3 {[%clk 01:34:34]} {[%emt 00:00:19]} Qe8
{[%clk 01:14:13]} {[%emt 00:19:09]} 14. Rfd1 {[%clk 01:30:55]} {[%emt
00:04:10]} Bh6 {[%clk 01:07:34]} {[%emt 00:07:08]} 15. Nf1 {[%clk 01:30:33]}
{[%emt 00:00:52]} Be6 {[%clk 01:02:49]} {[%emt 00:05:15]} 16. f3 {[%clk
01:20:56]} {[%emt 00:10:08]} Bf8 {[%clk 00:51:16]} {[%emt 00:12:02]} 17. Bxf8
{[%clk 01:19:15]} {[%emt 00:02:12]} Kxf8 {[%clk 00:50:01]} {[%emt 00:01:44]}
18. Ne3 {[%clk 01:19:26]} {[%emt 00:00:19]} Qc6 {[%clk 00:47:49]} {[%emt
00:02:42]} 19. Rxd8+ {[%clk 01:13:23]} {[%emt 00:06:33]} Rxd8 {[%clk 00:48:01]}
20. Bxe6 {[%clk 01:08:41]} {[%emt 00:05:30]} Qxc3 {[%clk 00:42:31]} {[%emt
00:06:00]} 21. Rd1 {[%clk 01:07:14]} {[%emt 00:01:57]} Rxd1+ {[%clk 00:41:40]}
{[%emt 00:01:21]} 22. Nxd1 {[%clk 01:06:25]} {[%emt 00:01:19]} Qd4+ {[%clk
00:35:43]} {[%emt 00:06:27]} 23. Kf1 {[%clk 01:06:40]} {[%emt 00:00:14]} fxe6
{[%clk 00:35:57]} {[%emt 00:00:16]} 24. Qc2 {[%clk 01:06:05]} {[%emt 00:01:06]}
Ke8 {[%clk 00:32:23]} {[%emt 00:04:03]} 25. Nf2 {[%clk 01:05:02]} {[%emt
00:01:34]} Kd8 {[%clk 00:27:20]} {[%emt 00:05:33]} 26. Qc1 {[%clk 01:01:45]}
{[%emt 00:03:48]} Ng8 {[%clk 00:14:33]} {[%emt 00:13:16]} 27. Qc4 {[%clk
00:58:39]} {[%emt 00:03:37]} Qxc4+ {[%clk 00:10:23]} {[%emt 00:04:40]} 28. bxc4
{[%clk 00:59:07]} {[%emt 00:00:01]} Ne7 {[%clk 00:07:30]} {[%emt 00:03:22]} 29.
Nd3 {[%clk 00:59:12]} {[%emt 00:00:26]} Nc8 {[%clk 00:03:50]} {[%emt 00:04:10]}
30. c5 {[%clk 00:58:22]} {[%emt 00:01:21]} b6 {[%clk 00:02:40]} {[%emt
00:01:40]} 31. c6 {[%clk 00:57:54]} {[%emt 00:00:57]} Ke7 {[%clk 00:02:20]}
{[%emt 00:00:50]} 32. Nxe5 {[%clk 00:57:56]} {[%emt 00:00:28]} Kd6 {[%clk
00:02:38]} {[%emt 00:00:12]} 33. f4 {[%clk 00:57:13]} {[%emt 00:01:13]} Ne7
{[%clk 00:01:01]} {[%emt 00:02:07]} 34. Nf7+ {[%clk 00:56:24]} {[%emt
00:01:20]} Kxc6 {[%clk 00:01:17]} {[%emt 00:00:14]} 35. Ng5 {[%clk 00:56:46]}
{[%emt 00:00:08]} e5 {[%clk 00:01:23]} {[%emt 00:00:24]} 36. fxe5 {[%clk
00:55:55]} {[%emt 00:01:20]} h5 {[%clk 00:01:26]} {[%emt 00:00:27]} 37. Ke2
{[%clk 00:56:01]} {[%emt 00:00:24]} b5 {[%clk 00:01:32]} {[%emt 00:00:24]} 38.
axb5+ {[%clk 00:56:14]} {[%emt 00:00:17]} Kxb5 {[%clk 00:02:01]} 39. Ne6 {[%clk
00:56:21]} {[%emt 00:00:24]} c5 {[%clk 00:02:15]} {[%emt 00:00:16]} 40. Nf4
{[%clk 00:56:15]} {[%emt 00:00:36]} Kc4 {[%clk 00:01:40]} {[%emt 00:01:05]} 41.
Kd2 {[%clk 00:56:17]} {[%emt 00:00:27]} a4 {[%clk 00:00:54]} {[%emt 00:01:16]}
42. Kc2 {[%clk 00:56:27]} {[%emt 00:00:21]} a3 {[%clk 00:29:17]} {[%emt
00:02:06]} 43. e6 {[%clk 01:26:25]} {[%emt 00:00:32]} Nc6 {[%clk 00:05:22]}
{[%emt 00:24:24]} 44. Kb1 {[%clk 01:24:46]} {[%emt 00:02:09]} Kb3 {[%clk
00:00:49]} {[%emt 00:05:04]} 45. Nd5 {[%clk 01:20:11]} {[%emt 00:05:05]} a2+
{[%clk 00:00:39]} {[%emt 00:00:40]} 46. Ka1 {[%clk 01:20:35]} {[%emt 00:00:06]}
Ka3 {[%clk 00:00:33]} {[%emt 00:00:36]} 47. e7 {[%clk 01:20:55]} {[%emt
00:00:10]} Nd4 {[%clk 00:00:47]} {[%emt 00:00:16]} 48. e8=Q {[%clk 01:20:40]}
{[%emt 00:00:45]} Nb3# {[%clk 00:00:35]} {[%emt 00:00:11]} 0-1